MARC

LEADER 00000nam0a2200000 4500
001 374003
005 20231102012621.0
035 |a (RuTPU)RU\TPU\retro\31436 
035 |a RU\TPU\book\271122 
090 |a 374003 
100 |a 20221216d1972 k y0rusy50 ca 
101 1 |a rus  |c fre 
102 |a RU 
105 |a a z 000zy 
200 1 |a Поля, частицы, кванты  |e пер. с фр.  |f Ж. Л. Андраде э Силва, Ж. Лошак 
210 |a Москва  |c Наука  |d 1972 
215 |a 190 с.  |c ил. 
606 1 |a Квантовая механика  |2 stltpush  |3 (RuTPU)RU\TPU\subj\14211  |9 40667 
610 1 |a история 
610 1 |a поле 
610 1 |a кванты 
610 1 |a атом 
610 1 |a Солнечная система 
610 1 |a уравнения 
610 1 |a частицы 
610 1 |a устойчивость 
610 1 |a термодинамика 
675 |a 530.145.6  |v 3 
700 1 |a Андраде э Силва  |b Ж. Л.  |g Жоао Л. 
701 1 |a Лошак  |b Ж.  |g Жорж 
801 1 |a RU  |b 63413507  |c 20140131 
801 2 |a RU  |b 63413507  |c 20221216  |g RCR 
942 |c BK